01122nam a2200253 a 450000100100000000500170001000800410002702000180006804000250008608200200011110000360013124500530016726000390022030000210025950000740028059000270035465000270038165000310040891000370043995201330047695201180060995201240072799900170085100003770220240530073921.0121115s2012 dr 001 f spa d a9789945489163 aDO-SdBNPbspacBNPHU aRD863.44bP833f1 aPorcella de Brea, Leonor92633910aFuego alto :bnovela /cLeonor Porcella de Brea. aSanto Domingo :bSantuario,c2012. a447 p. ;c23 cm. aIncluye datos biográficos de la autora en la solapa de la cubierta. aInventariado, 2020/MFF 0aNovela dominicana9223 0aLiteratura dominicana.967 aValidado. Control de calidad EMS 001052708DSaGRbGRcHDd2012-11-15iLF1l0oRD863.44 P833fp37702-30r2020-06-25te. 3w2020-06-25yLFDSZPréstamo interno 0010718PDaPDbPDcHDd2012-11-15iLF1l0oRD863.44 P833fp37702-10r2020-06-25w2020-06-25yLFPDZNo se presta 0010718PDaPDbPDcHDd2012-11-15iLF1l0oRD863.44 P833fp37702-20r2020-06-25te. 2w2020-06-25yLFPDZNo se presta c37192d37192